La pluriparentalidad : (Registro nro. 5751)
[ vista simple ]
| 000 -LEADER | |
|---|---|
| fixed length control field | 01247nab a22002297a 4500 |
| 003 - CONTROL NUMBER IDENTIFIER | |
| control field | OSt |
| 005 - DATE AND TIME OF LATEST TRANSACTION | |
| control field | 20260101213616.0 |
| 008 - FIXED-LENGTH DATA ELEMENTS--GENERAL INFORMATION | |
| fixed length control field | 190514b xxu||||| |||| 00| 0 spa d |
| 040 ## - CATALOGING SOURCE | |
| Transcribing agency | PJ |
| 100 ## - MAIN ENTRY--PERSONAL NAME | |
| 9 (RLIN) | 4341 |
| Personal name | Mignon, María Belén |
| 245 13 - TITLE STATEMENT | |
| Title | La pluriparentalidad : |
| Remainder of title | una solución cada vez más frecuente en el contexto de la filiación biológica / |
| Statement of responsibility, etc | María Belén Mignon. |
| 300 ## - PHYSICAL DESCRIPTION | |
| Extent | p. 213-217 |
| 500 ## - GENERAL NOTE | |
| General note | Cita: TR LALEY AR/DOC/461/2025. |
| 505 ## - FORMATTED CONTENTS NOTE | |
| Formatted contents note | Sumario: I. Introducción.— II. El caso. Plataforma fáctica.— III. La sentencia. El reconocimiento de la socioafectividad.— IV. La pluriparentalidad.— V. El derecho a la identidad y su respeto en correspondencia con el emplazamiento filial.— VI. Palabras de cierre. |
| 505 ## - FORMATTED CONTENTS NOTE | |
| Title | Fallo comentado: Juz. de Flia. de Osorno ~ 26/08/2024 ~ J. c. F. Y M. representado por su madre X. s/ impugnación de filiación matrimonial. |
| 650 #0 - SUBJECT ADDED ENTRY--TOPICAL TERM | |
| 9 (RLIN) | 967 |
| Topical term or geographic name as entry element | DERECHO DE FAMILIA |
| 650 #0 - SUBJECT ADDED ENTRY--TOPICAL TERM | |
| 9 (RLIN) | 1015 |
| Topical term or geographic name as entry element | RESPONSABILIDAD PARENTAL |
| 650 #0 - SUBJECT ADDED ENTRY--TOPICAL TERM | |
| 9 (RLIN) | 1004 |
| Topical term or geographic name as entry element | FILIACION |
| 650 #0 - SUBJECT ADDED ENTRY--TOPICAL TERM | |
| 9 (RLIN) | 1057 |
| Topical term or geographic name as entry element | JURISPRUDENCIA APLICABLE |
| 773 0# - HOST ITEM ENTRY | |
| Host Biblionumber | 2844 |
| Host Itemnumber | 3222 |
| Place, publisher, and date of publication | Buenos Aires : AbeledoPerrot, 1989- |
| Title | Derecho de familia. Revista Interdisciplinaria de doctrina y jurisprudencia. Abril 2025-II. |
| International Standard Book Number | 18511201 |
| 942 ## - ADDED ENTRY ELEMENTS (KOHA) | |
| Source of classification or shelving scheme | |
| Koha item type | Analítica Artículo de Revista |
No hay ítems disponibles.
